000 00361nam a2200145Ia 4500
005 20251222141940.0
008 251222s9999||||xx |||||||||||||| ||spa||
020 _a84129312560
082 _a262.91/T57
100 _aTincq, Henry
245 0 _aDesafĂ­os para el Papa del Tercer Milenio:
250 _a1ra. ed.
264 _bEditorial Sal Terrae
942 _cLIB
999 _c9322
_d9322